The Englishman's pocket Latin-English and English-Latin dictionary :

محفوظ في:

المؤلف الرئيسي: Woodhouse, S. C.

التنسيق: كتاب

اللغة: Undetermined

منشور في: London : Routledge and Paul, 1987.

الموضوعات:

الوسوم: إضافة وسم

لا توجد وسوم, كن أول من يضع وسما على هذه التسجيلة!

رقم الطلب: (Ref.) PA2365 .E5 W6

LEADER 00701nam a2200181Ia 4500
008 220712s9999||||xx |||||||||||||| ||und||
020 |a 710092679 
050 4 |a (Ref.) PA2365 .E5 W6 
100 1 |a Woodhouse, S. C. 
245 1 4 |a The Englishman's pocket Latin-English and English-Latin dictionary : 
264 1 |a London :  |b Routledge and Paul,  |c 1987. 
300 |a 491p. :  |b  ;  |c 16cm. 
504 |a Cover title: Latin dictionary. 
555 4 |o (Ref.) PA2365 .E5 W6 
650 |a English language Dictionaries Latin. 
650 4 |a Latin language Dictionaries English. 
952 |0 0  |1 0  |2 lcc  |4 0  |7 1  |9 41840  |a ARCE  |b ARCE  |d 2022-07-21  |l 0  |o (Ref.) PA2365 .E5 W6  |p 1037177  |r 2022-07-21 00:00:00  |w 2022-07-21  |y BK 
999 |c 48819  |d 48819